| 000 | 01592nam a2200349 i 4500 | ||
|---|---|---|---|
| 003 | EG-ScBUE | ||
| 005 | 20231205115204.0 | ||
| 008 | 180507n199u ua o f e 000 0 mul d | ||
| 040 |
_aEG-ScBUE _bara _erda _cEG-ScBUE _dEG-ScBUE |
||
| 041 | 0 |
_aara _aeng |
|
| 043 | _af-ua--- | ||
| 082 | 0 | 4 |
_a915.31 _bب ا ن _222 |
| 110 | 1 |
_aمصر. _bوزارة الإعلام. _bالهيئة العامة للاستعلامات، _eمؤلف. |
|
| 245 | 1 | 0 |
_aبانوراما سيناء / _cمادة علمية عبد المعطي أبو زيد ؛ التحرير بالإنجليزية ألفت سرحان ؛ مراجعة الشحات منصور. |
| 246 | 3 | 5 | _aPanorama of Sinai |
| 264 | 1 |
_aالقاهرة : _bمصر، وزارة الإعلام، الهيئة العامة للاستعلامات، _c[?-199] |
|
| 300 |
_a1 مجلد (متعدد الترقيم) : _bصور ملونة ؛ _c28 سم. |
||
| 336 |
_2rdacontent _aنص _btxt |
||
| 337 |
_aبدون وسيط _2rdamedia _bn |
||
| 338 |
_aمجلد _bnc _2rdacarrier |
||
| 490 | 0 |
_aسلسلة الموسوعات المصورة لمحافظات مصر ؛ _v2 |
|
| 541 |
_aالسفير علي الحفني ؛ _cإهداء ؛ |
||
| 650 | _2BUEsh | ||
| 651 | 7 |
_aسيناء (مصر) _xوصف ورحلات. _vموسوعات. _2BUEsh |
|
| 651 | 7 |
_aسيناء (مصر) _xتاريخ _vموسوعات. _2BUEsh |
|
| 653 |
_bGGEN _cMay2018 |
||
| 655 | _vReading book | ||
| 700 | 1 |
_a أبو زيد، عبد المعطي، _eمحرر. |
|
| 700 | 1 |
_aسرحان، ألفت، _eمحرر. |
|
| 700 | 1 |
_aمنصور، الشحات، _eمراجع. |
|
| 942 | _2ddc | ||
| 999 |
_c26647 _d26619 |
||